01518nam a2200301 a 4500001001000000005001700010008004100027041000800068044000800076084002000084100004500104245012300149260003800272300004800310500016200358500007800520500013400598500013200732500001000864546002400874650005200898650005600950650003401006650004501040700003901085700004201124740005001166BRCA_332720190320204227.0240309s1880----enka---###---#000-0#eng-# aeng aenk a621b.W57c18801 aCervantes Saavedra, Miguel ded1547-161610aAdventures of Don Quixote de la ManchacTranslated from the Spanish of Miguel de Cervantes Saavedra by Charles Jarvis. aLondresbWilloughby and Co.c1880 a1 v. en 2 tomos (xxiv, 370 p.)bil.c24 cm. aContenido : t.1. Primera parte. Biografía de Cervantes basada en la escrita por L. Vierdot. Prólogo del autor. -- t.2. Segunda parte. Prólogo del autor aEdición : Carefully Revised and Corrected. Illustrated by Tony Johannot aReproducción de la versión de Jarvis, con los dibujos de Johannot. Tela; lomo y planos decorados con dorados Lúdovik Osterc aEstado físico : Encuadernación parcialmente desprendida y primeras hojas desprendidas. Anotaciones manuscritas en la guarda aQM860 aTexto en : inglés14aNovela españolayÉpoca clásica, 1500-170014aLiteratura españolayÉpoca clásica, 1500-170014aNovela españolaySiglo XVII14aDon Quijote (Personaje ficticio)eNovela1 aJarvis, Charlesd?-1739eTraductor1 aJohannot, Tonyd1803-1852eIlustrador0 aEl Ingenioso Hidalgo Don Quijote de la Mancha